Länder mit L - Statistiken

Allgemein
  • Dieses Quiz wurde 112 mal gespielt
  • Das Durchschnittsergebnis liegt bei 8 aus 9
Antwortstatistiken
Land % Korrekt
Lettland
97%
Litauen
97%
Luxemburg
92%
Liechtenstein
88%
Laos
85%
Liberia
77%
Libyen
77%
Libanon
72%
Lesotho
67%
Keine übereinstimmenden Quizze gefunden
Verteilung der Resultate
Anzahl Personen mit jedem Resultat
Perzentil nach korrekt beantworteten Fragen
Ihre Resultats-Entwicklung
Sie haben dieses Quiz noch nicht gespielt